Govt. of
Madhya Pradesh

1500 words in 15 Minutes a Day (Record no. 14071)

MARC details
000 -LEADER
fixed length control field 004010000a22001570004500
001 - CONTROL NUMBER
control field 002156
003 - CONTROL NUMBER IDENTIFIER
control field MACL
040 ## - CATALOGING SOURCE
Original cataloging agency MACL
090 ## - LOCALLY ASSIGNED LC-TYPE CALL NUMBER (OCLC); LOCAL CALL NUMBER (RLIN)
-- 14149
-- 14148
100 ## - MAIN ENTRY--PERSONAL NAME
Personal name Cleveland, Ceil
245 ## - TITLE STATEMENT
Title 1500 words in 15 Minutes a Day
Remainder of title A year Long Plan to Learn 28 words a week
Statement of responsibility, etc. Ceil Cleveland
260 ## - PUBLICATION, DISTRIBUTION, ETC. (IMPRINT)
Place of publication, distribution, etc. Tata McGraw-Hill,
Date of publication, distribution, etc. 2005
650 ## - SUBJECT ADDED ENTRY--TOPICAL TERM
Topical term or geographic name as entry element Social Science
942 ## - ADDED ENTRY ELEMENTS (KOHA)
Call number prefix 370
Koha item type Library Membar
951 ## - EQUIVALENCE OR CROSS-REFERENCE--GEOGRAPHIC NAME/AREA NAME [OBSOLETE] [CAN/MARC only]
-- 370 Book

No items available.